<?xml version="1.0" encoding="UTF-8"?><?xml-stylesheet type="text/xsl" href="static/style.xsl"?><OAI-PMH xmlns="http://www.openarchives.org/OAI/2.0/" xmlns:xsi="http://www.w3.org/2001/XMLSchema-instance" xsi:schemaLocation="http://www.openarchives.org/OAI/2.0/ http://www.openarchives.org/OAI/2.0/OAI-PMH.xsd"><responseDate>2026-04-13T04:58:47Z</responseDate><request verb="GetRecord" identifier="oai:www.recercat.cat:10256/21402" metadataPrefix="marc">https://recercat.cat/oai/request</request><GetRecord><record><header><identifier>oai:recercat.cat:10256/21402</identifier><datestamp>2024-06-13T10:04:42Z</datestamp><setSpec>com_2072_453051</setSpec><setSpec>com_2072_2054</setSpec><setSpec>col_2072_453057</setSpec></header><metadata><record xmlns="http://www.loc.gov/MARC21/slim" xmlns:dcterms="http://purl.org/dc/terms/" xmlns:xsi="http://www.w3.org/2001/XMLSchema-instance" xmlns:doc="http://www.lyncode.com/xoai" xsi:schemaLocation="http://www.loc.gov/MARC21/slim http://www.loc.gov/standards/marcxml/schema/MARC21slim.xsd">
   <leader>00925njm 22002777a 4500</leader>
   <datafield ind2=" " ind1=" " tag="042">
      <subfield code="a">dc</subfield>
   </datafield>
   <datafield ind2=" " ind1=" " tag="720">
      <subfield code="a">Diversity and Childhood (Projecte)</subfield>
      <subfield code="e">author</subfield>
   </datafield>
   <datafield ind2=" " ind1=" " tag="720">
      <subfield code="a">Urlić, Ana</subfield>
      <subfield code="e">author</subfield>
   </datafield>
   <datafield ind2=" " ind1=" " tag="720">
      <subfield code="a">Dumančić, Ana</subfield>
      <subfield code="e">author</subfield>
   </datafield>
   <datafield ind2=" " ind1=" " tag="260">
      <subfield code="c">2020-12</subfield>
   </datafield>
   <datafield ind2=" " ind1=" " tag="520">
      <subfield code="a">National analysis of violence against LGBTI + children in Croatia. The	 main	 objective	 of	 this	 research	 was	 to	 assess	 the	 needs	 and	 good	 practices	 of	 LGBTI+	 and	&#xd;
gender	non-conforming	children	living	in	Croatia,	with	regards	to	five	areas	- family,	public	spaces,	&#xd;
health,	 education	 and	 media.	 Along	 with	 that,	 one	 of	 the	 aims was	 to	 map	 good	 practices	&#xd;
regarding	 the	 same	 topic.	 In	 order	 to	 ensure	 relevant	 stakeholders	 for	 the	 semi-structured	&#xd;
interviews,	professional	experience	and	background	on	LGBTI+	 topics	were	used	as	main	criteria	&#xd;
when	 recruiting	 stakeholders.	 The	 original	 interview	 scripts	 were	 translated	 and	 adapted	 to	&#xd;
Croatian,	while	all	ten	interviews	were	conducted	by	Zagreb	Pride	team.	&#xd;
Overall,	we	have	interviewed	10	persons:	social	workers,	leading	activists,	psychologists	working	&#xd;
with	 children,	 journalists,	 education	 experts	 and	 government	 officials.	 Zagreb	 Pride	 sent	 official	&#xd;
letters	 and	 then	 arranged	 interviews	 which	 were	 mostly	 held	 in	 February	 2020. All	 of	 the	&#xd;
interviews	were	audio	recorded,	transcribed	and	analyzed.	The	age	range	was	from	27	- 55,	while	&#xd;
60.47	% of	respondents	identified	as	female,	16.28	%	as	a	male,	14	%	of	persons	would	prefer	not	&#xd;
to	say	or	have	chosen	“other”,	4.65	% of	them	identify	as	non-binary, 2.33%	as	a	trans	person	and	&#xd;
2.33%	as	a	gender	variant	person.&#xd;
Prior	to	the	interviews,	we	provided	participants	with	detailed	information	about	the	project	and	&#xd;
asked	 them	 to	 sign	 the	 consent	 form.	 One	 signed	 copy	 of	 the	 consent	 form	 was	 given	 to	 each	&#xd;
participant.	 Interviews	 took	 place	 mostly	 at	 Zagreb	 Pride	 office	 space,	 since	 most	 of	 the	&#xd;
participants	 were	 familiar	 and	 comfortable	 with	 it.	 One	 interview	 was	 conducted	 via	 Skype,	&#xd;
because	 of	 the	 COVID19	 precautions	 and	 measures.	 All	 of	 the	 discussions	 were	 fruitful	 and	&#xd;
insightful	for	further	research</subfield>
   </datafield>
   <datafield ind2=" " ind1=" " tag="520">
      <subfield code="a">Projecte "Diversity and childhood: changing social attitudes towards gender diversity in children across Europe", finançat pel Programa de Drets, Igualtat i Ciutadania (2014-2020) de la Unió Europea (REC-RDAP-GBV-AG-2018-856680)</subfield>
   </datafield>
   <datafield ind1="8" ind2=" " tag="024">
      <subfield code="a">http://hdl.handle.net/10256/21402</subfield>
   </datafield>
   <datafield tag="653" ind2=" " ind1=" ">
      <subfield code="a">Minories sexuals -- Violència contra -- Croàcia</subfield>
   </datafield>
   <datafield tag="653" ind2=" " ind1=" ">
      <subfield code="a">Sexual minorities -- Violence against -- Croatia</subfield>
   </datafield>
   <datafield tag="653" ind2=" " ind1=" ">
      <subfield code="a">Infants i sexualitat -- Croàcia</subfield>
   </datafield>
   <datafield tag="653" ind2=" " ind1=" ">
      <subfield code="a">Children and sex -- Croatia</subfield>
   </datafield>
   <datafield ind2="0" ind1="0" tag="245">
      <subfield code="a">National analysis on violence against LGBTI+ children: Croatia</subfield>
   </datafield>
</record></metadata></record></GetRecord></OAI-PMH>